Grimms' Fairy tales / (Record no. 1755)

MARC details
000 -LEADER
fixed length control field 01424cam a2200373 i 4500
001 - CONTROL NUMBER
control field data
005 - DATE AND TIME OF LATEST TRANSACTION
control field 20260322212116.0
008 - FIXED-LENGTH DATA ELEMENTS--GENERAL INFORMATION
fixed length control field data
035 ## - SYSTEM CONTROL NUMBER
System control number 19507647
010 ## - LIBRARY OF CONGRESS CONTROL NUMBER
LC control number 2012418806
020 ## - INTERNATIONAL STANDARD BOOK NUMBER
International Standard Book Number 9780545934909
020 ## - INTERNATIONAL STANDARD BOOK NUMBER
International Standard Book Number 0545934907
035 ## - SYSTEM CONTROL NUMBER
System control number (OCoLC)957244403
040 ## - CATALOGING SOURCE
Original cataloging agency IB1
Transcribing agency IB1
Modifying agency DLC
Description conventions rda
Modifying agency DLC
042 ## - AUTHENTICATION CODE
Authentication code lccopycat
050 00 - LIBRARY OF CONGRESS CALL NUMBER
Classification number PZ8.G882
Item number Gr 2016
100 1# - MAIN ENTRY--PERSONAL NAME
Personal name Grimm, Jacob,
Dates associated with a name 1785-1863,
Relator term author.
245 10 - TITLE STATEMENT
Title Grimms' Fairy tales /
Statement of responsibility, etc. Jacob and Wilhelm Grimm.
264 #1 - PRODUCTION, PUBLICATION, DISTRIBUTION, MANUFACTURE, AND COPYRIGHT NOTICE
Place of production, publication, distribution, manufacture New York, NY :
Name of producer, publisher, distributor, manufacturer Scholastic Inc.,
Date of production, publication, distribution, manufacture, or copyright notice [2016]
300 ## - PHYSICAL DESCRIPTION
Extent 191 pages ;
Dimensions 20 cm
336 ## - CONTENT TYPE
Content type term text
Content type code txt
Source rdacontent
337 ## - MEDIA TYPE
Media type term unmediated
Media type code n
Source rdamedia
338 ## - CARRIER TYPE
Carrier type term volume
Carrier type code nc
Source rdacarrier
520 ## - SUMMARY, ETC.
Summary, etc. The folk tales gathered by brothers Jacob and Wilhelm Grimm have been retold for every new generation of readers. Some of the best-loved stories, such as "Cinderella" and "Snow White and the Seven Dwarves" have become world-famous movies. In this collection, you'll discover the Grimms' most spellbinding tales.
521 2# - TARGET AUDIENCE NOTE
Target audience note Grades 5-7.
521 0# - TARGET AUDIENCE NOTE
Target audience note Grade 6.
650 #0 - SUBJECT ADDED ENTRY--TOPICAL TERM
Topical term or geographic name entry element Fairy tales.
650 #1 - SUBJECT ADDED ENTRY--TOPICAL TERM
Topical term or geographic name entry element Fairy tales.
650 #7 - SUBJECT ADDED ENTRY--TOPICAL TERM
Topical term or geographic name entry element Fairy tales.
Source of heading or term fast
Authority record control number or standard number (OCoLC)fst00919916
700 1# - ADDED ENTRY--PERSONAL NAME
Personal name Grimm, Wilhelm,
Dates associated with a name 1786-1859,
Relator term author.
906 ## - LOCAL DATA ELEMENT F, LDF (RLIN)
a 7
b cbc
c copycat
d 2
e ncip
f 20
g y-gencatlg
925 0# -
-- acquire
-- 1 shelf copy
-- policy default
Holdings
Withdrawn status Lost status Damaged status Not for loan Home library Current library Shelving location Date acquired Total checkouts Full call number Barcode Date last seen Price effective from Koha item type
        Fairview Fairview General stacks 22/03/2026   PZ8.G882 LOC-FPL-00040 22/03/2026 22/03/2026 Books